[Event "Cto de Aragon  Equipos Cat Preferente"]
[Site "Aragon"]
[Date "2010.02.06"]
[Round "3.27"]
[White "De la Riva Fernandez Eduardo"]
[Black "Escuer Sanchez Nestor"]
[Result "1/2-1/2"]
[WhiteElo "1997"]
[BlackElo "2094"]

1.e4 e6 2.d4 d5 3.Nd2 Nf6 4.e5 Nfd7 5.Bd3 c5 6.c3 Nc6 7.Ne2 Qb6 8.Nf3 cxd4 9.
cxd4 f6 10.exf6 Nxf6 11.b3 Bd6 12.Bb2 O-O 13.O-O Bd7 14.Rc1 Be8 15.Ne5 Bh5 16.
Qd2 Bxe2 17.Qxe2 Nxd4 18.Bxd4 Qxd4 19.Nf3 Qf4 20.Qxe6+ Kh8 21.Qf5 Qh6 22.h3
Nh5 23.Qg5 Qxg5 24.Nxg5 Nf4 25.Rcd1 h6 26.Nf3 Nxh3+ 27.gxh3 Rxf3 28.Kg2 Raf8
29.Be2 R3f5 30.Rd3 Rg5+ 31.Kh1 Rf6 32.Bf3 b6 33.Bxd5 a5 34.Bf3 Rf4 35.Rg1
Rxg1+ 36.Kxg1 Bc5 37.Kg2 g5 38.Rd7 Kg8 39.Kg3 Kf8 40.Rd2 Rf6 41.Bg4 Bd6+ 42.
Kg2 Kf7 43.Bf3 Bc5 44.Be4 Ke6 45.f3 Ke5 46.Kg3 Bd6 47.Rd5+ Ke6+ 48.Kg2 Rf8 49.
h4 gxh4 50.Rh5 Bf4 51.Rxh4 Ke5 52.Rh5+ Kd4 53.Rf5 Rxf5 54.Bxf5 Kc3 55.Be6 Kb4
56.a4 1/2-1/2

[Event "Cto de Aragon  Equipos Cat Preferente"]
[Site "Aragon"]
[Date "2010.02.06"]
[Round "3.28"]
[White "Avellanas Pau Miguel Angel"]
[Black "Labrador Postigo Francisco Manuel"]
[Result "0-1"]
[WhiteElo "1927"]
[BlackElo "1906"]

1.e4 c5 2.Nf3 d6 3.d4 cxd4 4.Nxd4 Nf6 5.Nc3 a6 6.Be2 e5 7.Nb3 Be6 8.Bf3 Be7 9.
Be3 O-O 10.O-O Nbd7 11.a4 Nb6 12.Nd5 Bxd5 13.exd5 Nc4 14.Bc1 Rc8 15.Re1 Qc7
16.c3 Rfe8 17.Nd2 Nxd2 18.Bxd2 Qc4 19.b3 Qd3 20.c4 Bf8 21.Re3 Qf5 22.Bc3 g5
23.Qe2 e4 24.Qc2 Qg6 25.Bxf6 Qxf6 26.Rd1 exf3 27.Rxf3 Qg6 28.Qd2 Re4 29.Rg3 h6
30.Rf3 Rce8 31.Qb4 b5 32.axb5 axb5 33.Kf1 bxc4 34.bxc4 Qh5 35.Qa4 Qxh2 36.Rh3
Qe5 37.Qb4 Re2 38.Rf3 Rb2 39.Qa4 Qe2+ 40.Kg1 g4 41.Rf4 Re4 42.Rf5 Rxc4 43.Qa1
g3 44.Rf1 Rcb4 0-1

[Event "Cto de Aragon  Equipos Cat Preferente"]
[Site "Aragon"]
[Date "2010.02.06"]
[Round "3.29"]
[White "Llanes Luno Ricardo"]
[Black "Cebrian Valverde Jose Antonio"]
[Result "1/2-1/2"]
[WhiteElo "2224"]
[BlackElo "2189"]

1.e4 e6 2.d4 d5 3.Nc3 Bb4 4.e5 Ne7 5.a3 Bxc3+ 6.bxc3 c5 7.Qg4 cxd4 8.Qxg7 Rg8
9.Qxh7 Qc7 10.Ne2 Nbc6 11.f4 Bd7 12.Qd3 dxc3 13.Qxc3 Nf5 14.Rg1 Rc8 15.Rb1
Ncd4 16.Qxc7 Rxc7 17.c3 Nxe2 18.Bxe2 Rxc3 19.Bd2 Rc7 20.Kf2 Rc2 21.Rgd1 Bc6
22.Bd3 Ra2 23.Bxf5 exf5 24.Ra1 Rc2 25.Rac1 Ra2 26.Ra1 1/2-1/2

[Event "Cto de Aragon  Equipos Cat Preferente"]
[Site "Aragon"]
[Date "2010.02.06"]
[Round "3.30"]
[White "Gimeno Oteo Marco Antonio"]
[Black "Lamas Mercadal Manuel"]
[Result "0-1"]
[WhiteElo "2142"]
[BlackElo "2211"]

1.e4 e6 2.d4 d5 3.Nc3 Bb4 4.e5 c5 5.Bd2 cxd4 6.Nb5 Bc5 7.Qg4 g6 8.b4 Bf8 9.Nf3
Nc6 10.a3 a6 11.Nbxd4 Nxd4 12.Qxd4 Bg7 13.Bd3 Ne7 14.O-O Nc6 15.Qf4 O-O 16.Qg3
f6 17.Bf4 fxe5 18.Bxe5 Rxf3 19.gxf3 Bxe5 0-1

[Event "Cto de Aragon  Equipos Cat Preferente"]
[Site "Aragon"]
[Date "2010.02.06"]
[Round "3.31"]
[White "Naya Sancho Jose Ignacio"]
[Black "Gutierrez Minguenza Ruben"]
[Result "1-0"]
[WhiteElo "2069"]
[BlackElo "2063"]

1.e4 c5 2.Nc3 Nc6 3.Nf3 e6 4.Bb5 Nge7 5.O-O a6 6.Bxc6 Nxc6 7.d3 d6 8.Bg5 Be7
9.Qd2 Nd4 10.Bxe7 Qxe7 11.Nxd4 cxd4 12.Ne2 e5 13.f4 O-O 14.f5 f6 15.c3 dxc3
16.Nxc3 b5 17.Nd5 Qa7+ 18.Qf2 Bb7 19.Qxa7 Rxa7 20.Rfc1 Bxd5 21.exd5 Kf7 22.Rc6
Ke7 23.Rac1 Kd7 24.Rb6 Rc8 25.Rxc8 Kxc8 26.Rxd6 Rd7 27.Rxa6 Rxd5 28.Ra8+ Kd7
29.Ra7+ Ke8 30.Rxg7 Rxd3 31.Rxh7 Rd1+ 32.Kf2 Rd2+ 33.Kf3 Rxb2 34.Rb7 Rxa2 35.
Rxb5 Ra4 36.g3 Ra7 37.h4 Kf7 38.Rb6 Kg7 39.Re6 Ra4 40.Re7+ Kh6 41.Rf7 Kh5 42.
Rh7# 1-0

[Event "Cto de Aragon  Equipos Cat Preferente"]
[Site "Aragon"]
[Date "2010.02.06"]
[Round "3.32"]
[White "Palomar Ramon Santiago"]
[Black "Roche Simon Miguel Angel"]
[Result "0-1"]
[WhiteElo "2042"]
[BlackElo "2052"]

1.e4 e6 2.d4 d5 3.e5 c5 4.c3 Qb6 5.Nf3 Bd7 6.Be2 Bb5 7.O-O Bxe2 8.Qxe2 cxd4 9.
cxd4 Nc6 10.Rd1 Nge7 11.b3 Nf5 12.Bb2 h5 13.Nbd2 Be7 14.Nf1 g5 15.Ne3 g4 16.
Nxf5 gxf3 17.Qxf3 exf5 18.Qxd5 Rd8 19.Qc4 Bh4 20.Qd3 Rg8 21.Qxf5 Nxd4 22.Bxd4
Rxd4 23.Rxd4 Qxd4 24.Qc8+ Bd8 25.Rc1 Qd5 26.g3 Rg6 27.Qc2 h4 28.Rd1 Qc6 29.Qd2
Bb6 30.Rc1 Qe4 31.Re1 Qf3 32.e6 fxe6 33.Qc2 Kf7 34.Re4 h3 35.Rf4+ Qxf4 36.
Qxg6+ Kxg6 37.gxf4 Kf5 0-1

[Event "Cto de Aragon  Equipos Cat Preferente"]
[Site "Aragon"]
[Date "2010.02.06"]
[Round "3.33"]
[White "Ansola Marquinez Alberto"]
[Black "Gomez Anadon Daniel"]
[Result "0-1"]
[WhiteElo "2147"]
[BlackElo "2256"]

1.f4 Nf6 2.Nf3 c5 3.b3 g6 4.Bb2 Bg7 5.e3 O-O 6.Be2 Nc6 7.O-O d6 8.c4 a6 9.Na3
Rb8 10.h3 Re8 11.Qe1 e5 12.fxe5 dxe5 13.Qh4 Nh5 14.Qf2 f5 15.Bc3 f4 16.exf4
Nxf4 17.Rfe1 e4 18.Nh2 Bxc3 19.dxc3 Qg5 20.Kh1 e3 21.Qg1 Bf5 22.Bf3 Nd3 23.Re2
Qg3 24.Bd5+ Kg7 25.Rf1 Nf2+ 26.Rexf2 exf2 27.Qxf2 Qxf2 28.Rxf2 Re1+ 29.Rf1
Rbe8 30.Kg1 Bd3 31.Rxe1 Rxe1+ 32.Kf2 Re2+ 33.Kf3 Ne5+ 34.Kf4 g5+ 35.Kxg5 Rxa2
36.Nb5 axb5 37.cxb5 Bxb5 0-1

[Event "Cto de Aragon  Equipos Cat Preferente"]
[Site "Aragon"]
[Date "2010.02.06"]
[Round "3.34"]
[White "Gimenez Martinez Alberto"]
[Black "Argueso Pascual Jorge"]
[Result "1-0"]
[WhiteElo "2088"]
[BlackElo "1997"]

1.e4 c6 2.d4 d5 3.exd5 cxd5 4.c4 Nf6 5.Nc3 Nc6 6.Nf3 Bg4 7.cxd5 Nxd5 8.Qb3
Bxf3 9.gxf3 e6 10.Qxb7 Nxd4 11.Bb5+ Nxb5 12.Qc6+ Ke7 13.Qxb5 f6 14.Nxd5+ Qxd5
15.Qxd5 exd5 16.Be3 Ke6 17.O-O-O Rc8+ 18.Kb1 Bc5 19.Rhe1 Kd6 20.Bf4+ Kc6 21.
Re6+ Kd7 22.Re2 g5 23.Bg3 d4 24.b4 Bb6 25.Rde1 Rhe8 26.Rxe8 Rxe8 27.Rxe8 Kxe8
28.Kc2 Kd7 29.Kd3 f5 30.Be5 a6 31.Bxd4 Bc7 32.h3 h5 33.Bf6 g4 34.fxg4 fxg4 35.
hxg4 hxg4 36.Bh4 Kc6 37.Kc4 Be5 38.Bg3 Bf6 39.a4 Bg7 40.Bf4 Bf6 41.b5+ axb5+
42.axb5+ Kb7 43.Be3 Bh4 44.Kd5 g3 45.f4 g2 46.Ke4 Bg3 47.Bg1 Be1 48.Kf3 Bd2
49.f5 Bc3 50.Kxg2 Kc8 51.Kf3 Be5 52.Ke4 Bb8 53.Kd5 Kd7 54.Bc5 1-0

[Event "Cto de Aragon  Equipos Cat Preferente"]
[Site "Aragon"]
[Date "2010.02.06"]
[Round "3.35"]
[White "Ruiz Gutierrez Jose Manuel"]
[Black "Quintin Navarro Alberto"]
[Result "0-1"]
[WhiteElo "1899"]
[BlackElo "2047"]

1.c4 e6 2.Nf3 d5 3.g3 Nf6 4.Bg2 dxc4 5.Qa4+ c6 6.Qxc4 b5 7.Qc2 Bb7 8.O-O Bd6
9.b3 O-O 10.Bb2 Nbd7 11.d3 e5 12.a4 a6 13.Nbd2 Rc8 14.d4 Qe7 15.dxe5 Nxe5 16.
Rfd1 Rfe8 17.Nd4 Neg4 18.N2f3 Bb8 19.e3 c5 20.Nf5 Qf8 21.Ng5 Bxg2 22.Kxg2 c4
23.axb5 axb5 24.bxc4 Rxc4 25.Qd3 Be5 26.Bxe5 Nxe5 27.Qd6 h6 28.Nf3 Nxf3 29.
Kxf3 Ne4 30.Nxh6+ gxh6 0-1

[Event "Cto de Aragon  Equipos Cat Preferente"]
[Site "Aragon"]
[Date "2010.02.06"]
[Round "3.36"]
[White "Arregui Untoria Carlos"]
[Black "Argueso Palomino Manuel"]
[Result "1-0"]
[WhiteElo "2039"]
[BlackElo "1824"]

1.d4 d5 2.c4 e6 3.Nf3 c6 4.g3 dxc4 5.Bg2 b5 6.Ne5 Bb7 7.a4 Bb4+ 8.Nc3 Qb6 9.
O-O Nf6 10.e4 Nbd7 11.Be3 Rd8 12.Qe2 Bxc3 13.bxc3 a6 14.Nxd7 Nxd7 15.Qg4 Rg8
16.Bg5 Rc8 17.Rfe1 Qc7 18.Bh3 Nf8 19.Rad1 Ng6 20.d5 Ne5 21.Qh5 Ng6 22.dxe6 1-0

[Event "Cto de Aragon  Equipos Cat Preferente"]
[Site "Aragon"]
[Date "2010.02.06"]
[Round "3.37"]
[White "Carruez Berges Santiago"]
[Black "Gil Capape MA"]
[Result "1-0"]
[WhiteElo "2120"]
[BlackElo "2155"]

1.Nf3 d5 2.c4 d4 3.d3 h5 4.b4 h4 5.Bb2 e5 6.a3 a5 7.bxa5 Rxa5 8.Nbd2 Bd7 9.e3
dxe3 10.fxe3 h3 11.g3 Ba4 12.Qc1 f6 13.Be2 Nh6 14.Nh4 Nf7 15.O-O Nd7 16.Ng6
Rh6 17.Nxf8 Nxf8 18.Qc3 Qa8 19.Nb3 b6 20.Rf2 Ra7 21.c5 Qd5 22.cxb6 cxb6 23.Nd2
Ne6 24.Rc1 Nfg5 25.Qc8+ Ke7 26.Bc3 Kf7 27.Bb4 Ra8 28.Qc4 Qd7 29.Ne4 Nxe4 30.
Qxe4 Rc8 31.Rcf1 Kg8 32.Bg4 Bb3 33.Qf5 Kf7 34.Bxh3 Rxh3 35.Qxh3 Qxd3 36.Qh5+
Kg8 37.Qe2 Qe4 38.Qf3 Bd5 39.Qxe4 Bxe4 40.h4 Kh7 41.Kh2 Kg6 42.g4 Rh8 43.Kg3
Rd8 44.Rd2 Bd3 45.Rc1 b5 46.Rc6 Kf7 47.Rd6 Rxd6 48.Bxd6 e4 49.Rd1 Ke8 50.Bb4
Kd7 51.Rd2 Ke8 52.Rf2 1-0

[Event "Cto de Aragon  Equipos Cat Preferente"]
[Site "Aragon"]
[Date "2010.02.06"]
[Round "3.38"]
[White "Alonso Fernandez Revuelta Rodri"]
[Black "Temprano L"]
[Result "1/2-1/2"]
[WhiteElo "2088"]
[BlackElo "2087"]

1.e4 e5 2.Nf3 Nf6 3.Nxe5 d6 4.Nf3 Nxe4 5.Qe2 Qe7 6.d3 Nf6 7.Bg5 Qxe2+ 8.Bxe2
Be7 9.O-O Nc6 10.Nc3 a6 11.Rfe1 O-O 12.Ne4 Nxe4 13.Bxe7 Nxe7 14.dxe4 Bg4 15.h3
Bh5 16.e5 dxe5 17.Nxe5 Bxe2 18.Rxe2 Rad8 1/2-1/2

[Event "Cto de Aragon  Equipos Cat Preferente"]
[Site "Aragon"]
[Date "2010.02.06"]
[Round "3.39"]
[White "Fernandez Urrutia Gallo Carlos"]
[Black "Galvez Perez Jose Luis"]
[Result "1-0"]
[WhiteElo "1989"]
[BlackElo "2005"]

1.d4 d6 2.Nf3 Nf6 3.c4 Nbd7 4.Nc3 e5 5.e3 Be7 6.Bd3 O-O 7.O-O c6 8.Qc2 Re8 9.
b3 Bf8 10.Bb2 a6 11.Rad1 b5 12.dxe5 dxe5 13.Ne4 Qc7 14.cxb5 axb5 15.Nxf6+ Nxf6
16.Bxb5 Rxa2 17.Ba4 Ba6 18.Rfe1 e4 19.Nd2 Bd3 20.Qc3 Bd6 21.f4 exf3 22.Nxf3
Be4 23.Rd2 Rb8 24.Red1 Bd5 25.Qc1 Ng4 26.h3 Bh2+ 27.Kh1 Bxf3 28.gxf3 Nxe3 29.
Rxh2 Nxd1 30.Qxd1 Qf4 31.Bxc6 Ra6 32.Rd2 h6 33.Rd8+ Rxd8 34.Qxd8+ Kh7 35.Qd3+
1-0

[Event "Cto de Aragon  Equipos Cat Preferente"]
[Site "Aragon"]
[Date "2010.02.06"]
[Round "3.40"]
[White "Carraminana Lopez Luis Antonio"]
[Black "Larrosa Moles Marcos"]
[Result "1-0"]
[WhiteElo "1986"]
[BlackElo "1874"]

1.e4 c5 2.Nf3 e6 3.c4 Nc6 4.Nc3 g6 5.d4 cxd4 6.Nxd4 d6 7.Be3 a6 8.Nxc6 bxc6 9.
c5 d5 10.Bd4 Nf6 11.exd5 exd5 12.Qe2+ Be6 13.f4 Be7 14.f5 gxf5 15.g4 fxg4 16.
O-O-O Rg8 17.Qf2 Nd7 18.Bd3 Bf6 19.Bxh7 Rh8 20.Bd3 Bxd4 21.Qxd4 Qf6 22.Qa4 Nb8
23.Rhe1 Kd7 24.Ne2 Rh4 25.Ng3 a5 26.Re2 Qe7 27.Qd4 Qg5+ 28.Kb1 Kc7 29.Nf5 Bxf5
30.Qe5+ Kb7 31.Bxf5 Rh5 32.Qe7+ Qxe7 33.Rxe7+ Nd7 34.Rxd7+ Kb8 35.Re1 1-0

[Event "Cto de Aragon  Equipos Cat Preferente"]
[Site "Aragon"]
[Date "2010.02.06"]
[Round "3.41"]
[White "Donoso Sanchez Alejandro"]
[Black "Gavin Roche Enrique"]
[Result "1/2-1/2"]
[WhiteElo "2111"]
[BlackElo "2261"]

1.e4 e5 2.Nf3 Nc6 3.Bb5 Nd4 4.Nxd4 exd4 5.O-O Bc5 6.d3 c6 7.Bc4 d5 8.exd5 cxd5
9.Bb5+ Bd7 10.Bxd7+ Qxd7 11.Nd2 Ne7 12.Nb3 Bb6 13.Bf4 O-O 14.Qd2 a5 15.Be5 Nc6
16.Bxg7 Kxg7 17.Qg5+ Kh8 18.Qf6+ 1/2-1/2

[Event "Cto de Aragon  Equipos Cat Preferente"]
[Site "Aragon"]
[Date "2010.02.06"]
[Round "3.42"]
[White "Van Ojik Mark"]
[Black "Sanmiguel Mateo Luis"]
[Result "1-0"]
[WhiteElo "2213"]
[BlackElo "1968"]

1.e4 c6 2.d4 d5 3.e5 c5 4.f4 cxd4 5.Nf3 Bg4 6.Nbd2 Nc6 7.h3 Bxf3 8.Nxf3 e6 9.
Bd3 Bb4+ 10.Kf2 Nge7 11.Rf1 O-O 12.Bxh7+ Kh8 13.Bd3 g6 14.Kg1 Bc5 15.a3 a5 16.
Kh1 Kg7 17.Bd2 Rh8 18.Be1 Qb6 19.Bh4 Rxh4 20.Nxh4 Rh8 21.Qg4 Kf8 22.b4 axb4
23.axb4 Nxb4 24.Ra8+ Kg7 25.Rxh8 Kxh8 26.Nf3 Nf5 27.Bxf5 exf5 28.Qh4+ Kg8 29.
Ng5 1-0

[Event "Cto de Aragon  Equipos Cat Preferente"]
[Site "Aragon"]
[Date "2010.02.06"]
[Round "3.43"]
[White "Muniz Vicente Juan Luis"]
[Black "Lopez Guaita Fernando"]
[Result "1/2-1/2"]
[WhiteElo "1862"]
[BlackElo "2026"]

1.c4 Nf6 2.Nc3 g6 3.g3 Bg7 4.Bg2 O-O 5.Nf3 d6 6.d3 e5 7.O-O Nbd7 8.Bg5 h6 9.
Bd2 c6 10.Rb1 Ne8 11.b4 f5 12.Qc1 Kh7 13.b5 c5 14.e4 f4 15.h3 g5 16.Nh2 Ndf6
17.g4 h5 18.f3 hxg4 19.fxg4 Nc7 20.Be1 Rg8 21.a4 Ne6 22.Bf2 Nd4 23.Bxd4 cxd4
24.Nd5 Nd7 25.Nf3 Nc5 26.Qd1 Bd7 27.Rf2 Kg6 28.Ra2 Be6 29.Qc2 Bxd5 30.exd5 Rf8
31.Nd2 Bf6 32.Ne4 Qc7 33.Nxc5 Qxc5 34.Qe2 Bd8 35.Qe4+ Kg7 36.a5 Qc8 37.a6 Bb6
38.axb7 Qxb7 39.Ra6 Rf6 40.Bf3 Rh8 41.Bg2 Qf7 42.Qf3 Re8 43.Re1 Qc7 44.Qe4
Ref8 45.Bf3 Qc5 46.Ra4 Qc7 47.Ra6 1/2-1/2

[Event "Cto de Aragon  Equipos Cat Preferente"]
[Site "Aragon"]
[Date "2010.02.06"]
[Round "3.44"]
[White "Ferrer Echavarri Francisco Javier"]
[Black "Juni Pardos Marcos"]
[Result "1/2-1/2"]
[WhiteElo "1972"]
[BlackElo "1820"]

1.e4 d5 2.exd5 Qxd5 3.Nc3 Qa5 4.d4 Nf6 5.Nf3 Bg4 6.h3 Bxf3 7.Qxf3 c6 8.Bd2 Qb6
9.O-O-O e6 10.Ne4 Nbd7 11.Bf4 Nxe4 12.Qxe4 Be7 13.g4 Nf6 14.Qf3 O-O 15.Bd3 Nd5
16.Qe4 g6 17.Bh6 Rfd8 18.Bc4 Bf6 19.Bb3 a5 20.c4 Nc7 21.Bf4 a4 22.Bxc7 Qxc7
23.Bc2 Qb6 24.c5 Qb4 25.a3 Qc4 26.d5 Qxe4 27.Bxe4 cxd5 28.Bc2 Rdc8 29.h4 Rxc5
30.g5 Bg7 31.Rd2 Rac8 32.Kb1 Rc4 33.Rh3 Rf4 34.b4 axb3 35.Bxb3 Bd4 36.f3 Bc5
37.a4 Ra8 38.Rc2 b6 39.Rc3 Kg7 40.Rh1 h6 41.Bc2 Rh8 42.gxh6+ Rxh6 43.a5 Bb4
44.Rc7 bxa5 45.h5 Rxh5 46.Rg1 Kf6 47.Rxf7+ Kxf7 48.Bxg6+ Ke7 49.Bxh5 Rf6 50.
Kc2 Kd6 51.Kd3 e5 52.Rg8 d4 53.Rd8+ Kc5 54.Rc8+ Kb5 55.Be8+ Kb6 56.Bh5 Rc6 57.
Rxc6+ Kxc6 58.Kc4 Kd6 59.Be8 Ke7 60.Ba4 Kf6 61.Kd3 Kf5 62.Bc6 Kf4 63.Ke2 Kg3
64.Kd3 Kf4 65.Ke2 Kf5 66.Kd3 Ke6 67.Kc4 Bc3 68.Ba4 Kd6 69.Bb5 Be1 70.Ba4 Kc7
71.Be8 Kb6 72.Ba4 Kc7 73.Be8 1/2-1/2

[Event "Cto de Aragon  Equipos Cat Preferente"]
[Site "Aragon"]
[Date "2010.02.06"]
[Round "3.45"]
[White "Dominguez Bujeda Jesus"]
[Black "Hinojar Basa Alfonso"]
[Result "0-1"]
[WhiteElo "2132"]
[BlackElo "2221"]

1.c4 e6 2.d4 Nf6 3.Nc3 d5 4.cxd5 exd5 5.Bg5 Be7 6.e3 c6 7.Qc2 O-O 8.Bd3 Nbd7
9.Nf3 Re8 10.h3 Nf8 11.Bf4 Ne6 12.Bh2 g6 13.O-O-O c5 14.Bb5 Rf8 15.dxc5 Nxc5
16.g4 Qa5 17.Nd4 a6 18.Be2 Rd8 19.Nb3 Nxb3+ 20.Qxb3 Be6 21.Rd4 Ne4 22.Kb1 Bf6
23.Nxe4 dxe4 24.Rxd8+ Rxd8 25.Bc4 Bxc4 26.Qxc4 Rd2 27.Qc8+ Kg7 28.Qxb7 Rxb2+
29.Qxb2 Bxb2 30.Kxb2 Qd2+ 31.Kb3 Qxf2 32.Bf4 f6 33.Rh2 Qg1 34.h4 Qxg4 35.Rd2
Qxh4 36.Rd7+ Kf8 37.Kc4 Qf2 38.Bd6+ Kg8 39.Kd5 Qxa2+ 40.Kc6 h5 41.Bc5 h4 42.
Kd6 h3 43.Bd4 Qf7 44.Rd8+ Qf8+ 45.Ke6 Qxd8 46.Bxf6 Qa5 47.Be5 Qxe5+ 48.Kxe5
0-1

[Event "Cto de Aragon  Equipos Cat Preferente"]
[Site "Aragon"]
[Date "2010.02.06"]
[Round "3.46"]
[White "Portero Garnica Miguel Angel"]
[Black "Martin Catalan Juan Vicente"]
[Result "1/2-1/2"]
[WhiteElo "2121"]
[BlackElo "2116"]

1.e4 c5 2.Nf3 Nc6 3.d4 cxd4 4.Nxd4 g6 5.Bc4 Bg7 6.Nxc6 bxc6 7.O-O Nf6 8.e5 Nd5
9.Bxd5 cxd5 10.Qxd5 Rb8 11.Qc5 a6 12.Na3 O-O 13.Bg5 d6 14.exd6 exd6 15.Bxd8
dxc5 16.Be7 Re8 17.Bxc5 Bxb2 18.Rad1 Be6 19.Rd3 Rbc8 20.Bd4 Bxa3 21.Rxa3 Rxc2
22.Rxa6 Rxa2 23.Rd6 Bc4 24.Rd1 Rd2 25.Rb1 Bd3 26.Be3 Bxb1 27.Bxd2 Bf5 28.h4 f6
29.Bc3 Re6 30.Rd8+ Kf7 31.Kh2 Rc6 32.Bd2 h5 33.Rd4 Be6 34.Be3 1/2-1/2

[Event "Cto de Aragon  Equipos Cat Preferente"]
[Site "Aragon"]
[Date "2010.02.06"]
[Round "3.47"]
[White "Barcena Laguia Francisco"]
[Black "Jario Garcia Ricardo"]
[Result "1-0"]
[WhiteElo "1921"]
[BlackElo "2126"]

1.d4 e6 2.Nf3 Nf6 3.Bf4 c5 4.c3 Qb6 5.Qc2 Nc6 6.e3 Be7 7.Nbd2 d5 8.Ne5 Nh5 9.
Nxc6 bxc6 10.Bg3 Nxg3 11.hxg3 g6 12.b3 cxd4 13.exd4 c5 14.Nf3 cxd4 15.Nxd4 e5
16.Nf3 Bf6 17.Rd1 Bb7 18.Qd2 Rd8 19.Be2 d4 20.cxd4 e4 21.Qe3 O-O 22.Qh6 Rfe8
23.Qxh7+ Kf8 24.Ne5 Bxe5 25.dxe5 Qa5+ 26.Kf1 Rxd1+ 27.Bxd1 Ba6+ 28.Kg1 Qe1+
29.Kh2 Qxf2 30.Qh6+ Kg8 31.Qc1 Rxe5 32.Qc7 Rc5 33.Qd6 Bd3 34.b4 Rb5 35.Bg4
Qxa2 36.Rc1 Qb2 37.Rc8+ Kh7 38.Qe7 Qg7 39.Qh4+ Qh6 40.Rh8+ Kxh8 41.Qxh6+ Kg8
42.Qd2 a6 43.Qc3 Rb8 1-0

[Event "Cto de Aragon  Equipos Cat Preferente"]
[Site "Aragon"]
[Date "2010.02.06"]
[Round "3.48"]
[White "Ruiperez Gumiel Ramon"]
[Black "Pache Marconell Juan Manuel"]
[Result "1-0"]
[WhiteElo "1971"]
[BlackElo "1550"]

1.e4 c5 2.Nf3 d6 3.d4 cxd4 4.Nxd4 Nf6 5.Nc3 a6 6.Be2 e6 7.Be3 Be7 8.g4 b5 9.g5
Nfd7 10.Rg1 Bb7 11.Bd3 b4 12.Na4 Qa5 13.b3 Nc6 14.Qh5 Qe5 15.f4 Qa5 16.Nxe6 g6
17.Ng7+ Kd8 18.Qh6 d5 19.O-O-O d4 20.Bf2 Rc8 1-0

[Event "Cto de Aragon  Equipos Cat Preferente"]
[Site "Aragon"]
[Date "2010.02.06"]
[Round "3.50"]
[White "Cebollada Pacheco Jesus Raul"]
[Black "Abos Rosico Antonio"]
[Result "0-1"]
[WhiteElo "1989"]
[BlackElo "2047"]

1.e4 d6 2.d4 Nf6 3.Nc3 g6 4.Be3 c6 5.Qd2 b5 6.f3 Nbd7 7.Bd3 Bb7 8.Nge2 e5 9.
O-O Bg7 10.a4 a6 11.axb5 axb5 12.d5 cxd5 13.Nxb5 O-O 14.Nxd6 Qb8 15.Nxb7 Qxb7
16.exd5 Qxb2 17.Rxa8 Rxa8 18.Be4 Rc8 19.Rc1 Bf8 20.c4 Qb3 21.Rc3 Nxe4 22.fxe4
Qb1+ 23.Qc1 Qxe4 24.Ng3 Qg4 25.Nf1 Bc5 26.h3 Bxe3+ 27.Nxe3 Qd4 28.Kh1 Nb6 29.
Ng4 Nxd5 30.Rf3 f5 31.Nh6+ Kh8 32.Qg5 e4 33.Nf7+ Kg7 34.Rxf5 Nf6 35.Ne5 Qd1+
36.Kh2 Qd6 37.Kh1 e3 38.Rf1 Rc5 39.Qxf6+ Qxf6 40.Rxf6 e2 41.Rxg6+ hxg6 42.Nd3
Rxc4 43.Kg1 Kf6 44.Kf2 Rc2 45.Ke1 Ra2 46.Nf4 Kg5 47.Nxe2 Kh4 48.Kf2 g5 49.Kf3
Ra3+ 50.Kf2 Ra1 51.Ng1 Ra2+ 52.Kf3 Ra8 53.Kf2 Ra2+ 54.Kf3 Ra4 55.Kf2 Kh5 56.
Kf3 Rf4+ 57.Kg3 Kg6 58.Nf3 Kf5 59.Nh2 Rb4 60.Nf3 Rb3 61.Kf2 Ra3 62.Kg3 Rd3 63.
Kf2 Kf4 64.g3+ Kf5 65.Kg2 Ra3 66.Nh2 Ra2+ 67.Kg1 Ke4 68.h4 gxh4 69.gxh4 Kf4
70.h5 Kg5 71.h6 Kxh6 72.Ng4+ Kg5 73.Ne3 Kf4 74.Nf1 Re2 75.Nh2 Kg3 76.Nf1+ Kh3
77.Kh1 Rg2 78.Ne3 Rg8 79.Nf1 Rf8 80.Kg1 Rf3 81.Nh2 Rg3+ 82.Kh1 Rg2 83.Nf1 Rc2
84.Kg1 Re2 85.Nh2 0-1

[Event "Cto de Aragon  Equipos Cat Preferente"]
[Site "Aragon"]
[Date "2010.02.06"]
[Round "3.51"]
[White "Yanez Acin Gonzalo"]
[Black "Garcia Andres Daniel"]
[Result "0-1"]
[WhiteElo "1895"]
[BlackElo "1980"]

1.e4 e5 2.Nf3 Nc6 3.Bc4 Bc5 4.c3 Nf6 5.d3 a6 6.O-O O-O 7.Bg5 Be7 8.a4 d6 9.h3
Be6 10.Nbd2 d5 11.Bxf6 Bxf6 12.exd5 Bxd5 13.Qe2 Re8 14.Bxd5 Qxd5 15.Rfd1 Rad8
16.Ne4 Be7 17.Ng3 Bc5 18.Qe4 h6 19.b4 Ba7 20.b5 axb5 21.axb5 Qxb5 22.Rab1 Qc5
23.Rxb7 Bb6 24.Rxb6 cxb6 25.Rb1 Re6 26.Ne2 Ne7 27.Ne1 Nd5 28.c4 Nf6 29.Qe3 e4
30.Nf4 Qxe3 31.fxe3 Rc6 32.d4 Rdd6 33.Rb4 Nd7 34.Nc2 Nb8 35.Na3 Na6 36.Ra4 Nc7
37.Ne2 Rd8 38.Nc3 Ra8 39.Rxa8+ Nxa8 40.Nxe4 Re6 41.Nc3 Rxe3 42.Nab5 Nc7 43.Kf2
Nxb5 44.Nxb5 Rb3 45.Ke2 Kf8 46.Kd2 Ke7 47.Nc3 Rb2+ 48.Ke3 Rxg2 49.Nd5+ Kd6 50.
Nxb6 Rg3+ 51.Ke4 Rxh3 52.c5+ Kc6 53.Nc8 Rh4+ 54.Ke3 g5 55.Ne7+ Kb5 56.c6 Kb6
57.d5 Kc7 58.Nf5 Rf4 59.Nd4 Kd6 60.Kd3 Kxd5 61.c7 Rxd4+ 0-1

[Event "Cto de Aragon  Equipos Cat Preferente"]
[Site "Aragon"]
[Date "2010.02.06"]
[Round "3.52"]
[White "Alvarez Gonzalo Miguel Angel"]
[Black "Carrasquer Alonso Luis"]
[Result "1-0"]
[WhiteElo "1925"]
[BlackElo "1706"]

1.c4 e5 2.g3 Nf6 3.Bg2 Nc6 4.Nc3 d6 5.e3 Be7 6.Nge2 Bf5 7.d4 O-O 8.O-O Qd7 9.
d5 Nb4 10.e4 Bh3 11.a3 Na6 12.b4 c5 13.b5 Nc7 14.Qc2 Bxg2 15.Kxg2 Qg4 16.h3
Qg6 17.f4 Nd7 18.fxe5 dxe5 19.Be3 Bg5 20.Nd1 Bxe3 21.Nxe3 Nf6 22.Nf5 Qg5 23.
Ne7+ Kh8 24.Rf5 Qh6 25.Rxe5 Nd7 26.Rf5 Qd6 27.e5 Nxe5 28.Qe4 f6 29.Rh5 f5 30.
Qh4 h6 31.Nf4 Qf6 32.Nxf5 Qxh4 33.Nxh4 g5 34.Nhg6+ Kg7 35.Nxf8 Rxf8 36.Ne6+
Nxe6 37.dxe6 Kg6 38.g4 Nd3 39.Rd1 Nf4+ 40.Kg3 Nxh5+ 41.gxh5+ Kf6 42.Rf1+ Kg7
43.Rxf8 Kxf8 44.Kg4 Ke8 45.Kf5 Ke7 46.Ke5 b6 47.a4 Ke8 48.Kf6 Kf8 49.Kg6 Ke7
50.Kxh6 Kxe6 51.Kg6 1-0

[Event "Cto de Aragon  Equipos Cat Preferente"]
[Site "Aragon"]
[Date "2010.02.06"]
[Round "3.53"]
[White "Sierra Aguerri Joaquin"]
[Black "Laliena Solares Luis M"]
[Result "0-1"]
[WhiteElo "2014"]
[BlackElo "2234"]

1.e4 c5 2.b4 cxb4 3.a3 Nc6 4.axb4 Nxb4 5.d4 d5 6.c3 Nc6 7.Bb5 e6 8.c4 Bb4+ 9.
Kf1 Ne7 10.e5 dxc4 11.Qg4 Nf5 12.Ra4 a5 13.Nf3 Qd5 14.Bxc6+ bxc6 15.Kg1 c3 16.
h4 c5 17.dxc5 Qd1+ 18.Kh2 Qxa4 19.Nxc3 Qc6 20.Ne4 h5 21.Qf4 Bxc5 22.Nfd2 Bb7
23.f3 Be3 24.Nd6+ Qxd6 25.Qxf5 Qb4 26.Qh3 Bf4+ 27.g3 Bxd2 28.Qg2 Bxc1 29.Rxc1
Rd8 30.Rc2 O-O 31.Rb2 Bxf3 32.Qf2 Qe4 0-1

[Event "Cto de Aragon  Equipos Cat Preferente"]
[Site "Aragon"]
[Date "2010.02.06"]
[Round "3.54"]
[White "Latorre Abad Fernando"]
[Black "Vera Jimenez Andres"]
[Result "1-0"]
[WhiteElo "2067"]
[BlackElo "2005"]

1.e4 c5 2.Nf3 e6 3.d3 d5 4.Nbd2 Nf6 5.g3 Nc6 6.Bg2 dxe4 7.dxe4 Be7 8.O-O O-O
9.e5 Nd7 10.Re1 Qc7 11.Qe2 Nb4 12.Nf1 b6 13.h4 Ba6 14.c4 Rad8 15.a3 Nc6 16.Bf4
Ndb8 17.Rad1 Na5 18.Rxd8 Rxd8 19.N1d2 Nbc6 20.Bf1 Nd4 21.Nxd4 Rxd4 22.b3 Bb7
23.f3 Qd8 24.Be3 Rd7 25.Rb1 Nc6 26.f4 Nd4 27.Bxd4 Rxd4 28.Nf3 Bxf3 29.Qxf3 Rd2
30.Be2 Qd4+ 31.Kf1 h6 32.Rd1 Rxd1+ 33.Bxd1 a5 34.a4 Qd2 35.Be2 Bd8 36.h5 Be7
37.Qa8+ Qd8 38.Qe4 Qd4 39.Qf3 Bf8 40.Bd3 Be7 41.Kg2 Bf8 42.Kh3 Be7 43.Bb1 Qg1
44.Qd3 Kf8 45.Bc2 Ke8 46.Qe4 Qf1+ 47.Kg4 Qg1 48.Qc6+ Kd8 49.Qxb6+ Kd7 50.Qb7+
Kd8 51.Qb8+ Kd7 52.Qb5+ Kc8 53.Qe8+ Bd8 54.Qxf7 Qd4 55.Qxe6+ Kc7 56.Qd5 Qf2
57.Qd6+ Kb7 58.Be4+ 1-0

[Event "Cto de Aragon  Equipos Cat Preferente"]
[Site "Aragon"]
[Date "2010.02.06"]
[Round "3.55"]
[White "Fernandez Rubio Rafael"]
[Black "Cobo Garrido Diego Israel"]
[Result "1-0"]
[WhiteElo "1958"]
[BlackElo "2014"]

1.e4 c5 2.Nf3 Nc6 3.Nc3 d6 4.g3 g6 5.Bg2 Bg7 6.O-O e6 7.d3 Rb8 8.a4 a6 9.Be3
Qc7 10.d4 cxd4 11.Nxd4 Nge7 12.f4 Nxd4 13.Bxd4 Bxd4+ 14.Qxd4 Qc5 15.Rad1 Nc6
16.Qxc5 dxc5 17.e5 Nd4 18.Rf2 h5 19.Ne4 b6 20.Rfd2 Ke7 21.c3 Nf5 22.Kf2 a5 23.
Nf6 b5 24.axb5 Rxb5 25.Be4 Rb6 26.Bxf5 exf5 27.Nd5+ 1-0

[Event "Cto de Aragon  Equipos Cat Preferente"]
[Site "Aragon"]
[Date "2010.02.06"]
[Round "3.56"]
[White "Gayan Carceller Miguel Angel"]
[Black "Turon Perez David"]
[Result "0-1"]
[WhiteElo "1877"]
[BlackElo "1836"]

1.d4 d5 2.Nf3 Nf6 3.c4 c6 4.cxd5 cxd5 5.Nc3 e6 6.Bf4 Bd6 7.Bxd6 Qxd6 8.e3 O-O
9.Bd3 Nbd7 10.O-O e5 11.Nb5 Qe7 12.dxe5 Nxe5 13.Nxe5 Qxe5 14.Nd4 Ng4 15.g3 Qh5
16.Nf3 Nf6 17.Nd4 Bg4 18.Be2 Rfe8 19.h4 Rad8 20.Bxg4 Nxg4 21.Nf3 Qg6 22.Rc1 d4
23.Nxd4 Nxe3 24.fxe3 Qxg3+ 25.Kh1 Qh3+ 26.Kg1 Qxe3+ 27.Kg2 Rxd4 28.Rf3 Rd2+
0-1